000 00440nam a2200181Ia 4500
001 3749
005 20260306145706.0
008 260306t2018||||xx |||||||||||||| ||spa||
041 _aESP
082 _a302.231
_bP43
100 _aPerla Anaya, José
_eAUT
245 0 _aÉtica de la comunicación en internet móvil
260 _c2018
300 _a348 páginas :
_c25 cm.
650 _aGEN
654 _aCED
942 _cLIB
_dJUS
_fJUS
_2ddc
_n
999 _c3749
_d3749